00273nam a2200109Ia 4500008004100000041000800041100000900049245003500058260004300093300000800136999001900144230822s1999 xx 000 0 und d aeng aNULL aCONTEMPORARY ART FROM GERMANY. bGERMAN FESTIVAL IN INDIA 2000-01c1999 a117 c856914d856914